[Event "Online Olym Div2 B 2021"]
[Site "chess.com INT"]
[Date "2021.09.03"]
[Round "6.2"]
[Board "4"]
[White "Azhar, Puteri Rifqah Fahada"]
[Black "Viikmaa, Karmen"]
[Result "0-1"]
[WhiteTitle "WFM"]
[WhiteElo "1939"]
[BlackElo "1720"]
[WhiteTeam "Malaysia"]
[BlackTeam "Estonia"]
[WhiteFideId "5702879"]
[BlackFideId "4502620"]
[EventDate "2021.09.02"]
[EventType "team"]

1. e4 c5 2. Nc3 Nc6 3. g3 e6 4. Bg2 d6 5. Nge2 Nf6 6. d3 Be7 7. O-O O-O 8. f4 a6
9. h3 Qc7 10. Be3 b5 11. Qd2 Bb7 12. g4 Nd7 13. f5 b4 14. Nd1 Rac8 15. g5 Rfd8
16. Nf2 Nb6 17. Ng4 Bf8 18. h4 d5 19. Qe1 dxe4 20. Bxe4 exf5 21. Bxf5 Ra8 22.
Bf4 Bd6 23. Qg3 Nd5 24. Bxd6 Rxd6 25. Be4 Nce7 26. h5 Rad8 27. Nh6+ gxh6 28.
gxh6+ Ng6 29. hxg6 hxg6 30. Rf3 R6d7 31. Qxc7 Rxc7 32. Raf1 Rdd7 33. Ng3 Kh7 34.
Bxd5 Bxd5 35. Rf6 Rc6 36. Rxc6 Bxc6 37. Rf6 Bb5 38. Ne4 Kxh6 39. Nxc5 Re7 40.
Kf2 Kg7 41. Rb6 Ra7 42. Rb7 Rxb7 43. Nxb7 f5 44. Nd6 Bc6 45. Nc4 Kf6 46. Ne3 Ke5
47. c3 bxc3 48. bxc3 g5 49. Nf1 f4 50. Nh2 Kf5 51. c4 g4 52. Nf1 Ke5 53. Nd2 Kd4
54. Nb3+ Kxd3 55. Nc5+ Kxc4 56. Ne6 f3 57. Nf4 Kc3 58. Nh5 Bb7 59. Nf6 Bc8 60.
Nd5+ Kb2 61. a4 Ka3 62. a5 Be6 63. Nc7 Bc8 64. Nd5 Kb3 65. Ke3 Bb7 66. Nf6 Bc8
67. Nd5 Bf5 68. Nc7 Kb4 69. Nxa6+ Kxa5 70. Nc5 Kb4 71. Na6+ Kc4 72. Nc7 Kc3 73.
Nd5+ Kc2 74. Ne7 Bd7 75. Ng6 Kd1 76. Kf2 Kd2 77. Ne5 Bf5 78. Nc4+ Kd3 79. Nb2+
Ke4 80. Nd1 Kf4 81. Nc3 g3+ 82. Kf1 Bd3+ 0-1

[Event "Online Olym Div2 B 2021"]
[Site "chess.com INT"]
[Date "2021.09.03"]
[Round "6.2"]
[Board "5"]
[White "Rychagov, Nikita"]
[Black "Chan, Kim Yew"]
[Result "0-1"]
[BlackTitle "FM"]
[WhiteElo "1985"]
[BlackElo "2303"]
[WhiteTeam "Estonia"]
[BlackTeam "Malaysia"]
[WhiteFideId "4508394"]
[BlackFideId "5717981"]
[EventDate "2021.09.02"]
[EventType "team"]

1. e4 c5 2. Nf3 e6 3. d4 cxd4 4. Nxd4 Nc6 5. Nc3 Qc7 6. Qd3 a6 7. Nxc6 bxc6 8.
Qg3 Qxg3 9. hxg3 d5 10. Bd3 Nf6 11. Bd2 h6 12. f3 Be7 13. g4 Rg8 14. O-O-O Nd7
15. Rde1 Nc5 16. exd5 Nxd3+ 17. cxd3 cxd5 18. Bf4 a5 19. a3 Ba6 20. Kd2 O-O-O
21. Na4 Kb7 22. Rc1 Rc8 23. d4 Rgd8 24. Nc5+ Kb6 25. b4 axb4 26. axb4 Bc4 27.
Ra1 Ra8 28. Kc3 Bb5 29. Be5 Bf8 30. Rhe1 Kc6 31. Bg3 Kb6 32. Reb1 Be7 33. Bf4
Kc6 34. Nb3 Rdc8 35. Nc5 Bf6 36. Re1 Rd8 37. Bg3 Re8 38. Bf4 Bc4 39. Bg3 Bb5 40.
Bf4 Kb6 41. Bd6 Red8 42. Bg3 Bc6 43. Bf4 Kb5 44. Bg3 Be7 45. Bc7 Rdc8 46. Be5
Bf8 47. Kb3 Re8 48. Bf4 Rxa1 49. Rxa1 Ra8 50. Rxa8 Bxa8 51. Nd3 Bc6 52. Bd2 Kb6
53. Ne5 Be8 54. g3 f6 55. Nd3 Bb5 56. Nf4 Bd7 57. Ng6 Bd6 58. Bf4 Kc7 59. Nf8 e5
60. dxe5 fxe5 61. Nxd7 exf4 62. Nc5 Bxc5 63. gxf4 Be3 64. f5 Kb6 65. Kc3 Kb5 66.
Kd3 d4 67. f4 Bxf4 68. Kxd4 Kxb4 69. Kd5 Bg5 70. Ke6 Bf6 71. Kf7 Kc5 72. Kg6 Kd5 0-1

[Event "Online Olym Div2 B 2021"]
[Site "chess.com INT"]
[Date "2021.09.03"]
[Round "6.2"]
[Board "6"]
[White "Chua, Jia-Tien"]
[Black "Blokhin, Sofia"]
[Result "0-1"]
[WhiteTitle "WCM"]
[WhiteElo "1822"]
[BlackElo "2022"]
[WhiteTeam "Malaysia"]
[BlackTeam "Estonia"]
[WhiteFideId "5710006"]
[BlackFideId "4508190"]
[EventDate "2021.09.02"]
[EventType "team"]

1. e4 c5 2. Nc3 e6 3. Nge2 Nc6 4. g3 g6 5. Bg2 Bg7 6. d3 Nge7 7. Be3 b6 8. O-O
O-O 9. Qd2 d5 10. exd5 exd5 11. d4 c4 12. Bh6 Be6 13. Bxg7 Kxg7 14. Nf4 Rb8 15.
h4 b5 16. a3 a5 17. h5 b4 18. axb4 axb4 19. Nce2 Bg4 20. f3 Bf5 21. g4 Bd7 22.
g5 Bf5 23. Ng3 Qd6 24. Rfe1 c3 25. bxc3 bxc3 26. Nxf5+ Nxf5 27. h6+ Kg8 28. Qxc3
Qxf4 29. Qxc6 Qxd4+ 30. Kh2 Qh4+ 31. Kg1 Qxg5 32. Qxd5 Rbd8 33. Qb5 Rd2 34. Re2
Qxh6 35. Rxd2 Qxd2 36. Qd3 Qg5 37. Ra2 Rd8 38. Qe2 Nh4 39. c4 Qg3 40. Ra1 Rd2
41. Ra8+ Kg7 42. Qxd2 Nxf3+ 43. Kh1 Qh4+ 44. Bh3 Qxh3+ 45. Qh2 Qxh2# 0-1

[Event "Online Olym Div2 B 2021"]
[Site "chess.com INT"]
[Date "2021.09.03"]
[Round "6.3"]
[Board "1"]
[White "Al-Ali, Hussein Ali Hussein"]
[Black "Ragger, Markus"]
[Result "0-1"]
[WhiteTitle "IM"]
[BlackTitle "GM"]
[WhiteElo "2277"]
[BlackElo "2665"]
[WhiteTeam "Iraq"]
[BlackTeam "Austria"]
[WhiteFideId "4800192"]
[BlackFideId "1610856"]
[EventDate "2021.09.02"]
[EventType "team"]

1. e4 e5 2. Nf3 Nc6 3. Nc3 Nf6 4. g3 d5 5. exd5 Nxd5 6. Bg2 Nxc3 7. bxc3 Bc5 8.
O-O O-O 9. d3 Bf5 10. Ng5 Qd7 11. Ne4 Bb6 12. Be3 Bh3 13. Bxh3 Qxh3 14. Nc5 f5
15. Qf3 f4 16. Qd5+ Kh8 17. gxf4 exf4 18. Bd4 Rf5 19. Bxg7+ Kxg7 20. Ne6+ Kh8 0-1

[Event "Online Olym Div2 B 2021"]
[Site "chess.com INT"]
[Date "2021.09.03"]
[Round "6.3"]
[Board "2"]
[White "Froewis, Georg"]
[Black "Ismael, Namir Mohammed Ismael"]
[Result "0-1"]
[WhiteTitle "IM"]
[BlackTitle "CM"]
[WhiteElo "2453"]
[BlackElo "2122"]
[WhiteTeam "Austria"]
[BlackTeam "Iraq"]
[WhiteFideId "1618423"]
[BlackFideId "4800800"]
[EventDate "2021.09.02"]
[EventType "team"]

1. Nf3 d5 2. g3 Nf6 3. Bg2 g6 4. b3 Bg7 5. Bb2 O-O 6. c4 c6 7. O-O Nbd7 8. d4
Ne4 9. Nc3 f5 10. cxd5 Nxc3 11. Bxc3 cxd5 12. Rc1 Nf6 13. Ne5 Ne4 14. Bb2 Bd7
15. f3 Nd6 16. Qd2 Bb5 17. Rc5 b6 18. Rc2 Rc8 19. Rfc1 Rxc2 20. Rxc2 Qb8 21. a4
Be8 22. Ba3 Bf6 23. Qc3 Nf7 24. f4 b5 25. Bxd5 bxa4 26. bxa4 Qd8 27. Qc4 Kg7 28.
e3 Bxa4 29. Rb2 Be8 30. Bc5 Nd6 31. Qa2 Ne4 32. Bxe4 fxe4 33. Qxa7 Bf7 34. Nxf7
Rxf7 35. Qb6 Qa8 36. Qb7 Qa1+ 37. Rb1 Qc3 38. Qxe4 h5 39. h4 Qd2 40. Rf1 Qb2 41.
Qg2 Qb3 42. Qf3 e6 43. e4 Qc4 44. e5 Be7 45. Qe3 Bxc5 46. dxc5 Rd7 47. Rc1 Qa2
48. c6 Rd2 49. Qf3 Qb2 50. Rf1 Qb6+ 51. Kh1 Rc2 52. Qe4 Rxc6 53. Qg2 Rc3 54. Kh2
Qc5 55. Rf2 Kh6 56. Rb2 Qc4 57. Qd2 Rd3 58. Qe2 Qc3 59. Rc2 Qb3 60. Qf2 Rxg3 61.
Qxg3 Qxc2+ 62. Qg2 Qc4 63. Qd2 Qb3 64. f5+ Kh7 65. fxg6+ Kxg6 66. Qg5+ Kf7 67.
Qxh5+ Ke7 68. Qg5+ Kd7 69. Qe3 Qxe3 0-1

[Event "Online Olym Div2 B 2021"]
[Site "chess.com INT"]
[Date "2021.09.03"]
[Round "6.3"]
[Board "3"]
[White "Al-Khalidi, Aisha Ali Ahmed"]
[Black "Theissl Pokorna, Regina"]
[Result "0-1"]
[WhiteTitle "WCM"]
[BlackTitle "WGM"]
[WhiteElo "1624"]
[BlackElo "2296"]
[WhiteTeam "Iraq"]
[BlackTeam "Austria"]
[WhiteFideId "4806042"]
[BlackFideId "14902052"]
[EventDate "2021.09.02"]
[EventType "team"]

1. e4 e5 2. Nf3 Nc6 3. d4 exd4 4. Bc4 Nf6 5. O-O Be7 6. Re1 d6 7. Nxd4 O-O 8.
Nc3 Bd7 9. f3 Re8 10. Be3 a6 11. a4 h6 12. Qd2 Bf8 13. Rad1 Ne5 14. Bd3 c6 15.
h3 b5 16. axb5 axb5 17. f4 Ng6 18. Nf5 b4 19. Ne2 Nxe4 20. Bxe4 Rxe4 21. Neg3
Bxf5 22. Nxf5 d5 23. Ng3 Re8 24. Qf2 Ne7 25. Bc5 Nc8 26. f5 Rxe1+ 27. Rxe1 Bxc5
28. Qxc5 Qb6 29. Re8+ Kh7 30. Qxb6 Nxb6 31. Rxa8 Nxa8 32. Kf2 g6 33. Ke3 c5 34.
b3 Nb6 35. Kf4 Nd7 36. Nf1 g5+ 37. Ke3 Kg7 38. Nd2 Kf6 39. g4 Ne5 40. Nf3 Nxf3
41. Kxf3 Ke5 42. Ke3 c4 43. Kf3 cxb3 44. c3 b2 0-1

[Event "Online Olym Div2 B 2021"]
[Site "chess.com INT"]
[Date "2021.09.03"]
[Round "6.3"]
[Board "4"]
[White "Froewis, Annika"]
[Black "Jalaluldeen, Kareen Kamal J."]
[Result "1-0"]
[WhiteTitle "WFM"]
[BlackTitle "WFM"]
[WhiteElo "2077"]
[BlackElo "1780"]
[WhiteTeam "Austria"]
[BlackTeam "Iraq"]
[WhiteFideId "1621432"]
[BlackFideId "4801776"]
[EventDate "2021.09.02"]
[EventType "team"]

1. e4 e6 2. d4 d5 3. Nc3 Bb4 4. e5 c5 5. a3 Bxc3+ 6. bxc3 Qc7 7. Qg4 Ne7 8. Qxg7
Rg8 9. Qxh7 cxd4 10. Ne2 Nbc6 11. f4 a6 12. h4 Bd7 13. h5 dxc3 14. h6 Qb6 15.
Qxg8+ Nxg8 16. h7 O-O-O 17. h8=Q Nge7 18. Qh3 d4 19. Qd3 Nd5 20. Rh7 Be8 21. g4
Nde7 22. Ng3 Na5 23. a4 Nd5 24. Ne4 Nb4 25. Qd1 Kb8 26. Bd3 Qc7 27. Ba3 Nd5 28.
Bd6 Rxd6 29. Nxd6 Nxf4 30. Rh8 Ka7 31. Rxe8 Qc6 32. Be4 Qc5 33. Rb1 Qxe5 34.
Nc8+ Ka8 35. Nb6+ Ka7 36. Ra8# 1-0

[Event "Online Olym Div2 B 2021"]
[Site "chess.com INT"]
[Date "2021.09.03"]
[Round "6.3"]
[Board "5"]
[White "Rabeea, Sabah Nori"]
[Black "Morgunov, Marc"]
[Result "1/2-1/2"]
[WhiteTitle "FM"]
[BlackTitle "FM"]
[WhiteElo "2022"]
[BlackElo "2386"]
[WhiteTeam "Iraq"]
[BlackTeam "Austria"]
[WhiteFideId "4806212"]
[BlackFideId "1640305"]
[EventDate "2021.09.02"]
[EventType "team"]

1. d4 Nf6 2. Nf3 g6 3. Bg5 Bg7 4. Nc3 d5 5. Bxf6 exf6 6. e3 O-O 7. Bd3 f5 8. O-O
c6 9. Ne2 Nd7 10. c4 dxc4 11. Bxc4 Nb6 12. Bb3 a5 13. a3 a4 14. Ba2 Qd6 15. Nf4
Bh6 16. Nd3 Be6 17. Bxe6 Qxe6 18. Nc5 Qe7 19. Qc2 Rfe8 20. Rfe1 Qc7 21. Rad1 Bf8
22. h3 Ra5 23. Nd3 Nd5 24. Nde5 Raa8 25. Qc4 f6 26. Nd3 Kg7 27. Rc1 Qb6 28. Nc5
Bxc5 29. dxc5 Qa6 30. Nd2 Nc7 31. Qb4 Rad8 32. Nc4 Re4 33. Qb6 Qxb6 34. Nxb6 Na6
35. f3 Re5 36. Nxa4 Rd2 37. b4 Nc7 38. Red1 Red5 39. Nc3 R5d3 40. Rxd2 Rxd2 41.
Rd1 Rxd1+ 42. Nxd1 Kf7 43. Kf2 Ke6 44. Nc3 Nd5 45. Ne2 Ke5 46. Nd4 f4 47. Nc2 g5
48. exf4+ gxf4 49. Ke2 Kf5 50. Nd4+ Ke5 51. Kd3 Ne3 52. g4 Ng2 53. Ne2 Ne1+ 54.
Kc4 Nxf3 55. b5 Nd2+ 56. Kd3 Nb3 57. bxc6 bxc6 58. Kc4 f3 59. Ng3 Nd2+ 60. Kd3
Nb3 61. Ke3 Nxc5 62. Kxf3 Ne6 63. Ke3 Nf4 64. h4 Ng2+ 65. Kd3 Nxh4 66. a4 Kd5
67. Ne4 Nf3 68. Nxf6+ Kc5 69. Nxh7 Ne5+ 70. Kc3 Nxg4 71. Ng5 Ne5 72. Ne6+ Kb6
73. Kb4 Nd7 74. a5+ Ka6 75. Nc7+ Kb7 76. Ne6 Ka6 77. Nc5+ Nxc5 78. Kxc5 Kxa5 79.
Kxc6 1/2-1/2

[Event "Online Olym Div2 B 2021"]
[Site "chess.com INT"]
[Date "2021.09.03"]
[Round "6.3"]
[Board "6"]
[White "Katter, Katharina"]
[Black "Sara Masood Abdullah"]
[Result "1-0"]
[WhiteElo "1939"]
[BlackElo "1683"]
[WhiteTeam "Austria"]
[BlackTeam "Iraq"]
[WhiteFideId "1642626"]
[BlackFideId "4809610"]
[EventDate "2021.09.02"]
[EventType "team"]

1. d4 Nf6 2. Nf3 d6 3. g3 Nbd7 4. Bg2 e5 5. dxe5 dxe5 6. c4 Be7 7. Nc3 c6 8. O-O
O-O 9. Qc2 Qc7 10. b3 Rd8 11. Bb2 Nc5 12. Rad1 Bg4 13. h3 Bh5 14. Nh4 Ne8 15.
Nf5 Bf8 16. Qc1 Nd6 17. Nxd6 Bxd6 18. Qg5 Bg6 19. h4 Ne6 20. Qg4 f5 21. Qh3 Qf7
22. Rd2 Bc5 23. Rfd1 Bh5 24. Na4 Bd4 25. Qh1 Bxb2 26. Nxb2 Nd4 27. f3 Qg6 28.
Kh2 Qf6 29. Qe1 c5 30. Qf2 e4 31. fxe4 fxe4 32. Qxf6 gxf6 33. Bxe4 Rab8 34. Bd3
Rd6 35. Rf1 Rbd8 36. Na4 b6 37. Nc3 Nxe2 38. Nxe2 Bxe2 39. Rxe2 Rxd3 40. Rxf6
Rd2 41. Re6 Kf7 42. Re7+ Kf6 43. Re6+ Kf7 44. Kg2 Rxe2+ 45. Rxe2 Kf6 46. Kf3 h5
47. Ke3 Re8+ 48. Kf3 Rd8 49. Rf2 Kg6 50. Ke3 Re8+ 51. Kd3 Re7 52. Re2 Rd7+ 53.
Ke3 Kf5 54. Kf2 Kg4 55. Re4+ Kf5 56. Rf4+ Kg6 57. Ke3 Re7+ 58. Kd3 Re6 59. Re4
Rd6+ 60. Ke3 Rf6 61. Re7 Rf1 62. Rxa7 Rg1 63. Kf2 Rc1 64. Ra6 Rc2+ 65. Kf3 Rc3+
66. Kf4 Rc2 67. Rxb6+ Kf7 68. a4 1-0

[Event "Online Olym Div2 B 2021"]
[Site "chess.com INT"]
[Date "2021.09.03"]
[Round "6.4"]
[Board "1"]
[White "Meshkovs, Nikita"]
[Black "Madaminov, Mukhiddin"]
[Result "1-0"]
[WhiteTitle "GM"]
[BlackTitle "FM"]
[WhiteElo "2550"]
[BlackElo "2260"]
[WhiteTeam "Latvia"]
[BlackTeam "Uzbekistan"]
[WhiteFideId "11602740"]
[BlackFideId "14210703"]
[EventDate "2021.09.02"]
[EventType "team"]

1. d4 Nf6 2. Nf3 e6 3. g3 c5 4. Bg2 cxd4 5. Nxd4 d5 6. O-O e5 7. Nb3 Be6 8. Bg5
Nbd7 9. e4 dxe4 10. Nc3 Be7 11. Bxf6 Nxf6 12. Nxe4 Nxe4 13. Bxe4 Qc7 14. Qf3 Rb8
15. Rad1 O-O 16. Bd5 Bxd5 17. Rxd5 Qxc2 18. Rxe5 Bf6 19. Re2 Qc4 20. Rc1 Qa6 21.
Nc5 Qd6 22. Nxb7 Qd4 23. b3 h6 24. Nc5 Rfc8 25. Rc4 Qxc4 26. bxc4 Rxc5 27. Re4
Rbc8 28. Qa3 R5c7 29. Qe3 Kf8 30. h4 Be7 31. Qd3 Bc5 32. Re5 Be7 33. Qh7 f6 34.
Re4 Rxc4 35. Qh8+ Kf7 36. Rxe7+ Kxe7 37. Qxg7+ Ke6 38. Qxa7 R8c5 39. Kg2 h5 40.
a4 Rc7 41. Qa8 R7c5 42. a5 Rc8 43. Qf3 R8c5 44. a6 Ra4 45. Qb3+ Rcc4 46. a7 Kd5
47. a8=Q+ Rxa8 48. Qb7+ Ke5 49. Qxa8 Rc5 50. Qf8 Rd5 51. Qe7+ Kf5 52. f3 Re5 53.
Qf7 Re2+ 54. Kh3 Re3 55. Qxh5+ Ke6 56. Qe8+ Kf5 57. Qxe3 Kg6 58. g4 f5 59. Qg5+
Kh7 60. gxf5 Kh8 61. f6 1-0

[Event "Online Olym Div2 B 2021"]
[Site "chess.com INT"]
[Date "2021.09.03"]
[Round "6.4"]
[Board "2"]
[White "Rakhmatullaev, Almas"]
[Black "Mustaps, Matiss"]
[Result "1-0"]
[BlackTitle "FM"]
[WhiteElo "2183"]
[BlackElo "2356"]
[WhiteTeam "Uzbekistan"]
[BlackTeam "Latvia"]
[WhiteFideId "14205793"]
[BlackFideId "11602295"]
[EventDate "2021.09.02"]
[EventType "team"]

1. d4 Nf6 2. Nf3 g6 3. c4 Bg7 4. Nc3 O-O 5. e4 d6 6. Be2 Na6 7. O-O e5 8. Bg5 h6
9. Bh4 g5 10. Bg3 Nh5 11. dxe5 Nxg3 12. hxg3 dxe5 13. Qc2 c6 14. Rad1 Qe7 15.
Nh2 Nc5 16. Bg4 Ne6 17. Ne2 a5 18. Bf5 a4 19. Rd2 Qc5 20. Rfd1 Nd4 21. Nxd4 exd4
22. Nf3 Bxf5 23. exf5 Rfd8 24. Qd3 b5 25. Rc2 b4 26. Re2 Bf6 27. Rde1 Kg7 28. g4
Qd6 29. Nd2 Qf4 30. Re4 Qd6 31. Nf1 b3 32. a3 Kf8 33. Re6 fxe6 34. Rxe6 Kg7 35.
Ng3 Ra5 36. Nh5+ Kf7 37. Rxf6+ Qxf6 38. Nxf6 Kxf6 39. Qe4 Raa8 40. Qe6+ Kg7 41.
Qe7+ Kg8 42. f6 1-0

[Event "Online Olym Div2 B 2021"]
[Site "chess.com INT"]
[Date "2021.09.03"]
[Round "6.4"]
[Board "3"]
[White "Rogule, Laura"]
[Black "Salimova, Asal"]
[Result "1-0"]
[WhiteTitle "WGM"]
[WhiteElo "2286"]
[BlackElo "1905"]
[WhiteTeam "Latvia"]
[BlackTeam "Uzbekistan"]
[WhiteFideId "11601876"]
[BlackFideId "14204940"]
[EventDate "2021.09.02"]
[EventType "team"]

1. d4 g6 2. Nf3 Bg7 3. e4 c6 4. Nc3 d5 5. e5 h5 6. Bd3 Nh6 7. h3 Bf5 8. Be2 Nd7
9. Bf4 Qb6 10. Qc1 O-O-O 11. a4 Be4 12. a5 Qc7 13. e6 Ne5 14. Nxe5 g5 15. Bh2 f5
16. Qxg5 Bf6 17. Qd2 Qd6 18. Nf7 Qxe6 19. Nxd8 Kxd8 20. f3 Bh4+ 21. Kd1 Rg8 22.
Bf1 Bg5 23. Bf4 Nf7 24. fxe4 fxe4 25. Ne2 e3 26. Qxe3 Qxe3 27. Bxe3 Bxe3 28. Ra3
Bh6 29. Rg3 Rf8 30. Rf3 Ke8 31. g4 h4 32. Bg2 Rg8 33. Rf5 Nd6 34. Rh5 Bg5 35. b3
b6 36. a6 Kd7 37. Rf1 Ne8 38. Rf5 Bf6 39. Rh7 Ke6 40. Nf4+ Kd7 41. c3 Bg5 42.
Nd3 Nf6 43. Rf7 Ke6 44. Ne5 c5 45. Ke2 cxd4 46. cxd4 Ne8 47. Rf1 Nd6 48. R7f2
Rc8 49. Kd3 Nb5 50. Nc4 dxc4+ 51. bxc4 Nd6 52. Bd5+ Kd7 53. Re1 Rh8 54. Re5 Bf6
55. Re3 Bg5 56. Ref3 b5 57. c5 Ne8 58. Re2 Nc7 59. Bb7 Bf6 60. d5 Rd8 61. Ke4
Ne8 62. Bc6+ Kc7 63. Bxb5 Ng7 64. Bc6 Rb8 65. Bb7 Re8 66. Kd3 Rf8 67. Rxf6 Rxf6
68. Rxe7+ Kd8 69. Rxg7 Rf3+ 70. Ke4 Rxh3 71. c6 Rh1 72. c7+ 1-0

[Event "Online Olym Div2 B 2021"]
[Site "chess.com INT"]
[Date "2021.09.03"]
[Round "6.4"]
[Board "4"]
[White "Malikova, Marjona"]
[Black "Vidruska, Renate"]
[Result "1/2-1/2"]
[BlackTitle "WFM"]
[WhiteElo "1684"]
[BlackElo "2000"]
[WhiteTeam "Uzbekistan"]
[BlackTeam "Latvia"]
[WhiteFideId "14212463"]
[BlackFideId "11601841"]
[EventDate "2021.09.02"]
[EventType "team"]

1. d4 Nf6 2. c4 e6 3. Nc3 Bb4 4. Qc2 O-O 5. Nf3 d5 6. cxd5 exd5 7. Bg5 h6 8.
Bxf6 Qxf6 9. e3 Bf5 10. Bd3 Bxd3 11. Qxd3 c6 12. O-O Bd6 13. a3 Nd7 14. b4 Rfe8
15. b5 Qe7 16. a4 1/2-1/2

[Event "Online Olym Div2 B 2021"]
[Site "chess.com INT"]
[Date "2021.09.03"]
[Round "6.4"]
[Board "5"]
[White "Golubovskis, Maksims"]
[Black "Begmuratov, Khumoyun"]
[Result "0-1"]
[WhiteTitle "FM"]
[BlackTitle "CM"]
[WhiteElo "2210"]
[BlackElo "2148"]
[WhiteTeam "Latvia"]
[BlackTeam "Uzbekistan"]
[WhiteFideId "11608528"]
[BlackFideId "14210207"]
[EventDate "2021.09.02"]
[EventType "team"]

1. e4 e5 2. Nf3 Nc6 3. Bb5 a6 4. Ba4 Nf6 5. O-O Nxe4 6. d4 b5 7. Bb3 d5 8. dxe5
Be6 9. c3 Bc5 10. Nbd2 O-O 11. Bc2 Nxf2 12. Rxf2 f6 13. exf6 Bxf2+ 14. Kxf2 Qxf6
15. Nb3 Ne5 16. Kg1 Kh8 17. Qe2 Nxf3+ 18. Qxf3 Qxf3 19. gxf3 Rae8 20. Bd2 Bh3
21. Kf2 Bg4 22. Bd1 Rf6 23. Kg3 Bh5 24. f4 Bxd1 25. Rxd1 Re2 26. Re1 Rg6+ 27.
Kf3 Rxe1 28. Bxe1 Rg1 29. Ke2 Rg2+ 30. Bf2 Rxh2 31. Nc5 Rh6 32. b4 Kg8 33. a4
bxa4 34. Nxa4 Re6+ 35. Kf3 Kf7 36. Nc5 Rc6 37. f5 g6 38. fxg6+ Kxg6 39. Bd4 Kf5
40. Nd3 Rh6 41. Nf4 c6 42. Nd3 Rh3+ 43. Ke2 h5 44. Nc5 h4 45. Nxa6 Rg3 46. Kf2
Rg6 47. Bb6 h3 48. Bc7 Rg2+ 49. Ke3 Kg4 50. Nb8 Rg3+ 51. Bxg3 Kxg3 52. Nxc6 h2
53. Kd4 h1=Q 54. Kc5 Qc1 55. Kxd5 Qxc3 56. b5 Qb3+ 57. Kc5 Kf4 58. Nd4 Qc3+ 59.
Kd5 Qb4 60. Ne6+ Kf5 61. Nc7 Kf6 62. Kc6 Qc4+ 63. Kd6 Qd4+ 64. Kc6 Ke7 65. b6
Qc4+ 66. Kb7 Kd7 67. Na6 Qc6+ 68. Ka7 Kc8 69. Nc5 Qxc5 70. Ka8 Qa3# 0-1

[Event "Online Olym Div2 B 2021"]
[Site "chess.com INT"]
[Date "2021.09.03"]
[Round "6.4"]
[Board "6"]
[White "Khegay, Yuliya"]
[Black "Golsta, Madara"]
[Result "1/2-1/2"]
[WhiteTitle "WFM"]
[WhiteElo "1848"]
[BlackElo "1967"]
[WhiteTeam "Uzbekistan"]
[BlackTeam "Latvia"]
[WhiteFideId "14205394"]
[BlackFideId "11607386"]
[EventDate "2021.09.02"]
[EventType "team"]

1. e4 c5 2. Nf3 d6 3. d4 cxd4 4. Nxd4 Nf6 5. Nc3 g6 6. f3 Bg7 7. Be3 Nc6 8. Qd2
O-O 9. Be2 d5 10. exd5 Nxd5 11. Nxc6 bxc6 12. Bd4 e5 13. Bc5 Re8 14. O-O-O Qa5
15. Nxd5 Qxc5 16. Nc7 Be6 17. Nxa8 Rxa8 18. a3 Rb8 19. b4 Qb6 20. c3 a5 21. Kc2
axb4 22. axb4 Bf5+ 23. Kb3 c5 24. Qd6 Qxd6 25. Rxd6 cxb4 26. c4 Bf8 27. Rd5 Ra8
28. Rhd1 Ra3+ 29. Kb2 Be7 30. g4 Be6 31. R5d3 Bxc4 32. Rd8+ Bxd8 33. Rxd8+ Kg7
34. Bxc4 Rxf3 35. Rd7 h6 36. h4 Rf4 37. Be6 e4 38. Kb3 e3 39. Bc4 h5 40. g5 Kf8
41. Ra7 Ke8 42. Ra8+ Kd7 43. Ra1 Rxh4 44. Bxf7 Rg4 45. Bxg6 Rxg5 46. Bd3 Re5 47.
Kxb4 e2 48. Re1 Re3 49. Bb5+ Kd6 50. Rxe2 Rxe2 51. Bxe2 h4 52. Bf3 h3 53. Kc4 h2
54. Kd4 h1=Q 55. Bxh1 1/2-1/2

[Event "Online Olym Div2 B 2021"]
[Site "chess.com INT"]
[Date "2021.09.03"]
[Round "6.5"]
[Board "1"]
[White "Macovei, Andrei"]
[Black "Blackburn, Jonathan L B"]
[Result "1/2-1/2"]
[WhiteTitle "IM"]
[BlackTitle "FM"]
[WhiteElo "2453"]
[BlackElo "2232"]
[WhiteTeam "Moldova"]
[BlackTeam "Wales"]
[WhiteFideId "13904680"]
[BlackFideId "1801090"]
[EventDate "2021.09.02"]
[EventType "team"]

1. e4 e6 2. d4 d5 3. Bd3 dxe4 4. Bxe4 Nf6 5. Bf3 Bd6 6. Ne2 Nbd7 7. Nbc3 e5 8.
d5 O-O 9. Ng3 Nb6 10. O-O Bb4 11. Nge2 Bf5 12. Bg5 h6 13. Bxf6 Qxf6 14. a3 Bxc3
15. Nxc3 e4 16. Nxe4 Qxb2 17. a4 Rfe8 18. Rb1 Qa2 19. Nc3 Qxc2 20. Qxc2 Bxc2 21.
Rbc1 Bd3 22. Rfd1 Ba6 23. Nb5 Bxb5 24. axb5 Re7 25. h3 Rd8 26. Rc5 g6 27. Rdc1
Rdd7 28. Ra1 Nc8 29. Bg4 f5 30. Bf3 Kf7 31. h4 Kf6 32. h5 g5 33. g4 f4 34. Kf1
Ke5 35. Rc2 Kd6 36. Rd1 Ke5 37. Re1+ Kf6 38. Rec1 Nb6 39. Rc5 Na4 40. R5c4 Nb6
41. Rc5 Na4 42. R5c4 Nb6 43. Rc5 1/2-1/2

[Event "Online Olym Div2 B 2021"]
[Site "chess.com INT"]
[Date "2021.09.03"]
[Round "6.5"]
[Board "2"]
[White "Garcia, Jason"]
[Black "Schitco, Ivan"]
[Result "0-1"]
[BlackTitle "IM"]
[WhiteElo "2028"]
[BlackElo "2473"]
[WhiteTeam "Wales"]
[BlackTeam "Moldova"]
[WhiteFideId "1801775"]
[BlackFideId "13905465"]
[EventDate "2021.09.02"]
[EventType "team"]

1. Nf3 Nf6 2. c4 b6 3. g3 Bb7 4. Bg2 g6 5. b3 Bg7 6. Bb2 O-O 7. O-O d6 8. d4
Nbd7 9. Nc3 Ne4 10. Nd2 Nxc3 11. Bxc3 Bxg2 12. Kxg2 c5 13. e3 Qc7 14. Rc1 cxd4
15. exd4 e5 16. Ne4 f5 17. Ng5 Qb7+ 18. d5 Rae8 19. Kg1 Bh6 20. Ne6 Bxc1 21.
Nxf8 Rxf8 22. Qxc1 f4 23. Bb4 Nc5 24. Bxc5 bxc5 25. f3 h5 26. Qc2 Kg7 27. Kh1
Qd7 28. Kg2 Qe7 29. a3 Qg5 30. b4 fxg3 31. hxg3 h4 32. g4 cxb4 33. axb4 Qf4 34.
Qe2 e4 35. Qxe4 Qxe4 36. fxe4 h3+ 37. Kg1 h2+ 38. Kxh2 Rxf1 39. e5 dxe5 40. d6
Kf6 41. c5 Ke6 42. Kg2 Rb1 43. Kf3 Rxb4 0-1

[Event "Online Olym Div2 B 2021"]
[Site "chess.com INT"]
[Date "2021.09.03"]
[Round "6.5"]
[Board "3"]
[White "Verbin, Valentina"]
[Black "Chong, Kimberly"]
[Result "1-0"]
[WhiteElo "2039"]
[BlackElo "1790"]
[WhiteTeam "Moldova"]
[BlackTeam "Wales"]
[WhiteFideId "13905910"]
[BlackFideId "1804723"]
[EventDate "2021.09.02"]
[EventType "team"]

1. e4 d5 2. exd5 Nf6 3. Bb5+ Bd7 4. Be2 Nxd5 5. d4 g6 6. Nf3 Bg7 7. c4 Nb6 8.
Nc3 Bg4 9. Be3 Nc6 10. d5 Bxf3 11. gxf3 Ne5 12. c5 Nc8 13. Bd4 O-O 14. f4 Nd7
15. Bxg7 Kxg7 16. Qd4+ f6 17. O-O-O b6 18. c6 Nb8 19. f5 Qd6 20. Rdg1 Nxc6 21.
Qh4 Ne5 22. f4 Nf7 23. fxg6 hxg6 24. Rxg6+ Kxg6 25. Bd3+ f5 26. Rg1+ Ng5 27.
Qxg5+ Kf7 28. Qh5+ 1-0